000
00208nam a22001097a 4500
041
_a
eng
080
_a
80
100
_a
Bak, P.
245
_a
Gramatyka Jezyka Polskiego.
650
_a
Polish
999
_c
277836
_d
277836
942
_c
BK